Vai trò của chi bộ nhà tù Sơn La đối với phong trào cách mạng ở địa phương (1940-1945) /
Đã lưu trong:
| Príomhúdar: | |
|---|---|
| Formáid: | Bài viết |
| Teanga: | Vietnamese |
| Ábhair: | |
| Clibeanna: |
Cuir Clib Leis
Gan Chlibeanna, Bí ar an gcéad duine leis an taifead seo a chlibeáil!
|
| Thư viện lưu trữ: | Thư viện Trường Đại học Đà Lạt |
|---|
| LEADER | 00831nam a2200277 4500 | ||
|---|---|---|---|
| 001 | DLU090089252 | ||
| 005 | ##20090526 | ||
| 040 | # | # | |a DLU |b vie |
| 041 | # | # | |a vie |
| 044 | # | # | |a vn |
| 100 | # | # | |a Phạm Văn Lực, |c ThS. |
| 245 | # | # | |a Vai trò của chi bộ nhà tù Sơn La đối với phong trào cách mạng ở địa phương (1940-1945) / |c Phạm Văn Lực. |
| 653 | # | # | |a Địa phương |
| 653 | # | # | |a Chi bộ |
| 653 | # | # | |a Phong trào cách mạng |
| 653 | # | # | |a Vai trò |
| 773 | # | # | |t Lịch sử Đảng |g Số 8, 2002, tr. 21-22 |
| 920 | # | # | |a Phòng Tạp chí -- Trung tâm Thông tin - Thư viện Trường Đại học Đà Lạt |
| 994 | # | # | |a DLU |
| 900 | # | # | |a True |
| 911 | # | # | |a Nguyễn Thị Mai Anh |
| 925 | # | # | |a G |
| 926 | # | # | |a A |
| 927 | # | # | |a BB |
| 980 | # | # | |a Thư viện Trường Đại học Đà Lạt |